Derecho constitucional de la reforma de 1994 (Registro nro. 3794)

Detalles MARC
000 -LEADER
fixed length control field 04090 a2200469 4500
001 - CONTROL NUMBER
control field 44547
005 - DATE AND TIME OF LATEST TRANSACTION
control field 20260407155722.0
008 - FIXED-LENGTH DATA ELEMENTS--GENERAL INFORMATION
fixed length control field 260407a1995 arg spa d
003 - CONTROL NUMBER IDENTIFIER
control field AR-UNSa-BCEJYS
040 ## - CATALOGING SOURCE
Original cataloging agency AR-UNSa-BCEJYS
Language of cataloging spa
Transcribing agency AR-UNSa-BCEJYS
080 ## - UNIVERSAL DECIMAL CLASSIFICATION NUMBER
Universal Decimal Classification number 342
Common auxiliary subdivision Derecho constitucional (Derecho Público)
041 ## - LANGUAGE CODE
Language code of text/sound track or separate title spa
100 1# - MAIN ENTRY--PERSONAL NAME
Personal name Pérez Guilhou, Dardo
245 10 - TITLE STATEMENT
Title Derecho constitucional de la reforma de 1994
264 #1 - PRODUCTION, PUBLICATION, DISTRIBUTION, MANUFACTURE, AND COPYRIGHT NOTICE
Place of production, publication, distribution, manufacture Buenos Aires :
Name of producer, publisher, distributor, manufacturer Ediciones Depalma
Date of production, publication, distribution, manufacture, or copyright notice 1995
300 ## - PHYSICAL DESCRIPTION
Extent 2 v. (558 ; 451 p.)
Dimensions 23 cm.
505 ## - FORMATTED CONTENTS NOTE
Formatted contents note Vol. I: 1. Sistemas y Régimen Político Argentino. ¿Ha cambiado con la Reforma de 1994? / Dardo Pérez Guilhou - 2. La defensa de la Constitución / Juan Fernando Segovia - 3. Reforma de la Constitución Nacional / Eduardo Fernando Luna - 4. Supremacía de la Constitución. El Nuevo Orden / María Celia Castorina de Tarquini - 5. Derechos Individuales en la Constitución Nacional / Dardo José Pérez Hualde - 6. Derechos Sociales en la Constitución Argentina / Dardo José Pérez Hualde - 7. Derechos de los Trabajadores: Reforma Constitucional y Legislación Nacional / Carlos Alberto Livellara - 8. La protección de los Indígenas / Gonzalo Segovia y Juan Fernando Segovia - 9. Constitución Nacional y Medio Ambiente / Felipe Seisdedos - 10. Ejercicio Pleno de los Derechos Políticos y Partidos Políticos / Rubén Morales - 11. Formas de participación Directa en la Democracia Representativa / José Luis Martínez Peroni - 12. Amparo, Hábeas Data y Hábeas Corpus en la Reforma de 1994 / Felipe Seisdedos - 13. La Autonomía en la Constitución Nacional / ^Patricia Raquel Martínez - 14. El Proceso de Formación de las Leyes en la Constitución Nacional Reformada en 1994 / María Luisa Giunta - 15. El Silencio del Congreso / Alejandro Pérez Hualde - 16. El Senado por Venir / Walter José Cueto -- Vol. II: 17. Los Tratados de Integración y la Reforma Constitucional / Ismael Farrando - 18. Considerciones sobre los Establecimientos de Utilidad Nacional en la Constitución Nacional / María Gabriela Ábalos de Mosso - 19. La Auditoría General de la Nación / Eduardo Estrada - 20. El Defensor del Pueblo / Eduardo Fernando Luna - 21. El Poder Ejecutivo / Dardo Pérez Guilhou - 22. La Reforma de la Constitución y el Jefe de Gabinete / Daniel Gómez Sanchís - 23. Decretos de Necesidad y Urgencia: Su Ley Especial / Alejandro Pérez Hualde - 24. El Poder Judicial en la Reforma Constitucional / Aída Kemelmajer de Carlucci - 25. El Ministerio Público en la Reforma Constitucional de 1994 / Jorge A. Coussirat - 26. El Régimen Federal y la Reforma Constitucional / María Celia Castorina de Tarquini - 27. La Región y la Reforma Constitucional / María Celia Castorina de Tarquiri - 28. Las Provincias y los Convenios Internacionales / Mónica Buj Montero - 29. Reflexiones sobre el Régimen Municipal en la Constitución Nacional / María Gabriela Abalos de Mosso - 30. Aspectos en Torno a la Ciudad de Buenos Aires en la Constitución Nacional / María Gabriela Abalos de Mosso -
590 ## - LOCAL NOTE (RLIN)
Local note niveau_biblio:m niveau_hierar:0
700 1# - ADDED ENTRY--PERSONAL NAME
Personal name Instituto Argentino de Estudios Constitucionales y Políticos
700 1# - ADDED ENTRY--PERSONAL NAME
Personal name Seisdedos, Felipe
700 1# - ADDED ENTRY--PERSONAL NAME
Personal name Abalos de Mosso, María Gabriela
700 1# - ADDED ENTRY--PERSONAL NAME
Personal name Buj Montero, Mónica
700 1# - ADDED ENTRY--PERSONAL NAME
Personal name Castorina de Tarquini, María Celia
700 1# - ADDED ENTRY--PERSONAL NAME
Personal name Coussirat, Jorge A.
700 1# - ADDED ENTRY--PERSONAL NAME
Personal name Cueto, Walter José
700 1# - ADDED ENTRY--PERSONAL NAME
Personal name Estrada, Eduardo
700 1# - ADDED ENTRY--PERSONAL NAME
Personal name Farrando, Ismael
700 1# - ADDED ENTRY--PERSONAL NAME
Personal name Guinta, María Luisa
700 1# - ADDED ENTRY--PERSONAL NAME
Personal name Gómez Sanchís, Daniel
700 1# - ADDED ENTRY--PERSONAL NAME
Personal name Kemelmajer de Carlucci, Aída
700 1# - ADDED ENTRY--PERSONAL NAME
Personal name Livellara, Carlos Alberto
700 1# - ADDED ENTRY--PERSONAL NAME
Personal name Luna, Eduardo Fernando
700 1# - ADDED ENTRY--PERSONAL NAME
Personal name Martínez, Patricia Raquel
700 1# - ADDED ENTRY--PERSONAL NAME
Personal name Martínez Peroni, José Luis
700 1# - ADDED ENTRY--PERSONAL NAME
Personal name Morales, Rubén
700 1# - ADDED ENTRY--PERSONAL NAME
Personal name Pérez Hualde, Dardo José
700 1# - ADDED ENTRY--PERSONAL NAME
Personal name Pérez Hualde, Alejandro
700 1# - ADDED ENTRY--PERSONAL NAME
Personal name Segovia, Juan Fernando
700 1# - ADDED ENTRY--PERSONAL NAME
Personal name Segovia, Gonzalo
856 41 - ELECTRONIC LOCATION AND ACCESS
Uniform Resource Identifier <a href="https://www.biblioeco.unsa.edu.ar/pmb/images/libros/L70198.jpg">https://www.biblioeco.unsa.edu.ar/pmb/images/libros/L70198.jpg</a>
Link text Imagen de portada
Electronic format type image/jpeg
942 ## - ADDED ENTRY ELEMENTS (KOHA)
Koha item type
Existencias
Withdrawn status Lost status Damaged status Not for loan Home library Current library Shelving location Date acquired Total checkouts Full call number Barcode Date last seen Price effective from Koha item type
        Biblioteca Prof. Eusebio Cleto del Rey Biblioteca Prof. Eusebio Cleto del Rey   07/04/2026   342 I59 v.1 L70285 07/04/2026 07/04/2026 Libro
        Biblioteca Prof. Eusebio Cleto del Rey Biblioteca Prof. Eusebio Cleto del Rey   07/04/2026   342 I59 v.1 L70287 07/04/2026 07/04/2026 Libro
        Biblioteca Prof. Eusebio Cleto del Rey Biblioteca Prof. Eusebio Cleto del Rey   07/04/2026   342 I59 v.1 L70289 07/04/2026 07/04/2026 Libro
        Biblioteca Prof. Eusebio Cleto del Rey Biblioteca Prof. Eusebio Cleto del Rey   07/04/2026   342 I59 v.1 L70197 07/04/2026 07/04/2026 Libro
        Biblioteca Prof. Eusebio Cleto del Rey Biblioteca Prof. Eusebio Cleto del Rey   07/04/2026   342 I59 v.1 L70286 07/04/2026 07/04/2026 Libro
        Biblioteca Prof. Eusebio Cleto del Rey Biblioteca Prof. Eusebio Cleto del Rey   07/04/2026   342 I59 v.2 L70445 07/04/2026 07/04/2026 Libro
        Biblioteca Prof. Eusebio Cleto del Rey Biblioteca Prof. Eusebio Cleto del Rey   07/04/2026   342 I59 v.2 L70198 07/04/2026 07/04/2026 Libro
        Biblioteca Prof. Eusebio Cleto del Rey Biblioteca Prof. Eusebio Cleto del Rey   07/04/2026   342 I59 v.2 L70443 07/04/2026 07/04/2026 Libro
        Biblioteca Prof. Eusebio Cleto del Rey Biblioteca Prof. Eusebio Cleto del Rey   07/04/2026   342 I59 v.2 L70442 07/04/2026 07/04/2026 Libro
        Biblioteca Prof. Eusebio Cleto del Rey Biblioteca Prof. Eusebio Cleto del Rey   07/04/2026   342 I59 v.2 L70444 07/04/2026 07/04/2026 Libro